Science Quiz

Random Science or Letter Quiz

'IUM' Elements by Letter Quiz Stats

 Plays Quiz Updated Dec 1, 2016

Also try: Element per Letter
Challenge
Share
Tweet
Embed
Score 0/13 Timer 02:00
8 Plays Today
Last 4 Letters Element % Correct
N-IUMAluminium, Titanium, Germanium, Selenium, Zirconium...
88.5%
L-IUMHelium, Beryllium, Gallium, Thulium, Thallium, Berkelium, Nobelium
85.9%
C-IUMCalcium, Francium, Americium, Lawrencium, Copernicium
84.6%
D-IUMSodium, Scandium, Vanadium, Rubidium, Rhodium, Indium, Iridium, Palladium, Radium, Rutherfordium
81.3%
R-IUMYttrium, Tellurium, Barium, Cerium, Samarium, Thorium, Curium, Bohrium, Meitnerium, Livermorium
81.3%
S-IUMMagnesium, Potassium, Cesium, Dysprosium, Hassium, Tellurium
74.8%
M-IUMChromium, Cadmium, Praseodymium, Neodymium, Holmium, Osmium, Fermium
63.1%
H-IUMLithium, Promethium
51.5%
B-IUMNiobium, Terbium, Erbium, Ytterbium
50.3%
T-IUMStrontium, Technetium, Lutetium, Darmstadtium
44.6%
V-IUMMendelevium, Flerovium, Moscovium
35.4%
P-IUMEuropium
29.2%
G-IUMSeaborgium
24.3%

You're not logged in!

Compare scores with friends on all Sporcle quizzes.
Join for Free
OR
Log In

You Might Also Like...

Show Comments

Extras

Top Quizzes Today


Score Distribution

Your Account Isn't Verified!

In order to create a playlist on Sporcle, you need to verify the email address you used during registration. Go to your Sporcle Settings to finish the process.

Report this User

Report this user for behavior that violates our Community Guidelines.

Details: